000 01069cam a2200277 a 4500
001 3258923
003 ARRUPE
005 20151024115435.0
008 890804s1980 np af b 001 0 eng
010 _a 80905006
020 _cRs130.00 ($15.00 U.S.)
040 _aDLC
_cDLC
_dDLC
043 _aa-np---
050 0 0 _aBQ4710.A84
_bN354 1980
100 1 _aLocke, John K.
_q(John Kerr),
_d1933-2009.
_920470
245 1 0 _aKarunamaya :
_bthe cult of Avalokitesvara-Matsyendranath in the valley of Nepal /
_cby John K. Locke.
260 _aKathmandu :
_bSahayogi Prakashan for Research Centre for Nepal and Asian Studies, Tribhuvan University,
_c1980.
300 _axvi, 524 p., [66] p. of plates :
_bill. (some col.) ;
_c23 cm.
500 _aIncludes index.
504 _aBibliography: p. 485-515.
650 0 _aAvalokiteśvara (Buddhist deity)
_xCult
_zNepal.
_920471
650 0 _aMacchaghnapāda
_xCult
_zNepal.
_920472
650 0 _aBuddhism
_zNepal
_xCustoms and practices.
_920473
906 _a7
_bcbc
_corignew
_d4
_encip
_f19
_gy-gencatlg
942 _2lcc
_cMONOGRAPH
999 _c123591
_d123591